[Event "d16"]
[Site "?"]
[Date "2014.03.30"]
[Round "9.1"]
[White "Dadello, Aleksandra"]
[Black "Marczuk, Anna"]
[Result "1-0"]
[LiveChessVersion "1.4.2"]
[BlackElo "1849"]
[WhiteElo "1871"]

1. e4 {[%clk 1:31:25]} e6 {[%clk 1:31:17]} 2. d4 {[%clk 1:31:21]} d5
{[%clk 1:31:22]} 3. Nc3 {[%clk 1:31:40]} Bb4 {[%clk 1:31:45]} 4. e5
{[%clk 1:32:03]} c5 {[%clk 1:32:08]} 5. a3 {[%clk 1:32:28]} Bxc3+
{[%clk 1:32:31]} 6. bxc3 {[%clk 1:32:53]} Qc7 {[%clk 1:32:52]} 7. Qg4
{[%clk 1:32:55]} Ne7 {[%clk 1:33:09]} 8. Qxg7 {[%clk 1:32:19]} Rg8
{[%clk 1:33:31]} 9. Qxh7 {[%clk 1:32:39]} cxd4 {[%clk 1:33:46]} 10. Ne2
{[%clk 1:31:48]} Nbc6 {[%clk 1:34:08]} 11. f4 {[%clk 1:31:20]} dxc3
{[%clk 1:34:29]} 12. Qd3 {[%clk 1:30:40]} d4 {[%clk 1:34:51]} 13. Nxd4
{[%clk 1:20:43]} Nxd4 {[%clk 1:35:12]} 14. Qxd4 {[%clk 1:21:03]} Bd7
{[%clk 1:35:23]} 15. Be3 {[%clk 0:56:07]} Nf5 {[%clk 1:35:38]} 16. Qc5
{[%clk 0:53:22]} Qc6 {[%clk 1:35:34]} 17. Qxc6 {[%clk 0:45:49]} Bxc6
{[%clk 1:35:12]} 18. Kf2 {[%clk 0:38:04]} O-O-O {[%clk 1:27:39]} 19. Rg1
{[%clk 0:30:26]} Nxe3 {[%clk 0:57:59]} 20. Kxe3 {[%clk 0:30:45]} Rd2
{[%clk 0:58:09]} 21. Be2 {[%clk 0:16:39]} Rxc2 {[%clk 0:52:53]} 22. g3
{[%clk 0:15:50]} Rd8 {[%clk 0:46:05]} 23. Rac1 {[%clk 0:14:51]} Rdd2
{[%clk 0:32:15]} 24. Rxc2 {[%clk 0:14:14]} Rxc2 {[%clk 0:32:38]} 25. h4
{[%clk 0:12:42]} Kd7 {[%clk 0:26:53]} 26. h5 {[%clk 0:07:44]} Ke7
{[%clk 0:25:40]} 27. g4 {[%clk 0:07:09]} Ra2 {[%clk 0:14:45]} 28. h6
{[%clk 0:04:51]} Kf8 {[%clk 0:10:25]} 29. g5 {[%clk 0:04:29]} Rxa3
{[%clk 0:09:25]} 30. Bd3 {[%clk 0:04:42]} c2 {[%clk 0:07:39]} 31. Kd2
{[%clk 0:04:50]} Ra2 {[%clk 0:07:56]} 32. Rc1 {[%clk 0:01:52]} Ra4
{[%clk 0:06:33]} 33. Ke3 {[%clk 0:02:04]} Ra3 {[%clk 0:04:27]} 34. Rxc2
{[%clk 0:01:59]} Bb5 {[%clk 0:03:23]} 35. Rd2 {[%clk 0:02:17]} Rxd3+
{[%clk 0:02:15]} 36. Rxd3 {[%clk 0:02:42]} Bxd3 {[%clk 0:02:39]} 37. Kxd3
{[%clk 0:03:10]} b5 {[%clk 0:02:53]} 38. f5 {[%clk 0:02:25]} b4 {[%clk 0:01:51]}
39. g6 {[%clk 0:02:42]} b3 {[%clk 0:01:43]} 40. h7 {[%clk 0:32:56]} Kg7
{[%clk 0:32:09]} 41. gxf7 {[%clk 0:33:21]} 1-0

[Event "d16"]
[Site "?"]
[Date "2014.03.30"]
[Round "9.2"]
[White "Harazinska, Ewa"]
[Black "Wozniak, Mariola"]
[Result "1-0"]
[LiveChessVersion "1.4.2"]
[BlackElo "2099"]
[WhiteElo "2078"]

1. Nf3 {[%clk 1:30:58]} Nf6 {[%clk 1:30:52]} 2. c4 {[%clk 1:31:24]} g6
{[%clk 1:27:36]} 3. d4 {[%clk 1:31:06]} c5 {[%clk 1:27:52]} 4. Nc3
{[%clk 1:30:16]} Bg7 {[%clk 1:24:37]} 5. e4 {[%clk 1:29:54]} O-O {[%clk 1:19:45]}
6. Be2 {[%clk 1:27:57]} d6 {[%clk 1:17:07]} 7. O-O {[%clk 1:27:11]} a6
{[%clk 1:16:00]} 8. h3 {[%clk 1:23:38]} cxd4 {[%clk 1:07:37]} 9. Nxd4
{[%clk 1:23:42]} Nc6 {[%clk 1:05:11]} 10. Be3 {[%clk 1:20:02]} Bd7
{[%clk 1:01:08]} 11. Nb3 {[%clk 1:18:59]} Rc8 {[%clk 0:55:50]} 12. Rc1
{[%clk 1:16:23]} Ne5 {[%clk 0:46:30]} 13. c5 {[%clk 1:09:14]} Bc6
{[%clk 0:38:25]} 14. cxd6 {[%clk 1:00:45]} exd6 {[%clk 0:37:50]} 15. f4
{[%clk 0:51:39]} Ned7 {[%clk 0:37:58]} 16. Bf3 {[%clk 0:46:09]} Qe7
{[%clk 0:30:51]} 17. Re1 {[%clk 0:37:04]} Rfe8 {[%clk 0:29:26]} 18. Na5
{[%clk 0:30:30]} Qf8 {[%clk 0:16:17]} 19. Nxc6 {[%clk 0:21:16]} bxc6
{[%clk 0:16:20]} 20. Qd3 {[%clk 0:21:26]} Nb8 {[%clk 0:15:37]} 21. Bb6
{[%clk 0:16:20]} c5 {[%clk 0:15:17]} 22. Rcd1 {[%clk 0:14:47]} Nfd7
{[%clk 0:14:00]} 23. Ba7 {[%clk 0:13:21]} Nc6 {[%clk 0:13:08]} 24. Qxa6
{[%clk 0:13:27]} Nd4 {[%clk 0:08:30]} 25. Nd5 {[%clk 0:11:59]} Rc6
{[%clk 0:08:00]} 26. Qb7 {[%clk 0:11:41]} Nf6 {[%clk 0:06:09]} 27. Rxd4
{[%clk 0:11:54]} Rcc8 {[%clk 0:04:39]} 28. Rdd1 {[%clk 0:12:03]} Ra8
{[%clk 0:03:56]} 29. Nc7 {[%clk 0:11:37]} 1-0

[Event "d16"]
[Site "?"]
[Date "2014.03.30"]
[Round "9.3"]
[White "Burakowska, Gabriela"]
[Black "Posuniak, Weronika"]
[Result "0-1"]
[LiveChessVersion "1.4.2"]
[BlackElo "1595"]
[WhiteElo "1776"]

1. d4 {[%clk 1:30:59]} d5 {[%clk 1:30:54]} 2. Nf3 {[%clk 1:30:51]} c6
{[%clk 1:30:46]} 3. Bf4 {[%clk 1:30:37]} Qb6 {[%clk 1:27:17]} 4. Qc1
{[%clk 1:29:29]} Nf6 {[%clk 1:26:31]} 5. e3 {[%clk 1:27:21]} Bf5 {[%clk 1:24:41]}
6. Nbd2 {[%clk 1:25:30]} Na6 {[%clk 1:18:23]} 7. a3 {[%clk 1:23:49]} e6
{[%clk 1:14:50]} 8. c4 {[%clk 1:23:05]} c5 {[%clk 1:00:19]} 9. dxc5
{[%clk 1:02:53]} Nxc5 {[%clk 0:56:37]} 10. b4 {[%clk 1:00:51]} Nd3+
{[%clk 0:41:38]} 11. Bxd3 {[%clk 1:01:13]} Bxd3 {[%clk 0:41:59]} 12. c5
{[%clk 1:01:33]} Qb5 {[%clk 0:39:01]} 13. Ne5 {[%clk 0:58:09]} Bf5
{[%clk 0:35:10]} 14. Qc3 {[%clk 0:57:41]} a5 {[%clk 0:33:36]} 15. bxa5
{[%clk 0:51:12]} Qxa5 {[%clk 0:26:55]} 16. Qxa5 {[%clk 0:47:01]} Rxa5
{[%clk 0:27:11]} 17. Nb3 {[%clk 0:43:24]} Rb5 {[%clk 0:24:18]} 18. Nd4
{[%clk 0:43:33]} Rxc5 {[%clk 0:24:09]} 19. Nxf5 {[%clk 0:43:31]} exf5
{[%clk 0:24:37]} 20. O-O {[%clk 0:43:46]} Nh5 {[%clk 0:22:37]} 21. Nd3
{[%clk 0:41:37]} Rc3 {[%clk 0:21:23]} 22. Rfd1 {[%clk 0:41:56]} Be7
{[%clk 0:19:36]} 23. Rab1 {[%clk 0:40:49]} Bxa3 {[%clk 0:17:30]} 24. Rxb7
{[%clk 0:40:01]} O-O {[%clk 0:17:08]} 25. Be5 {[%clk 0:40:14]} Rc6
{[%clk 0:15:54]} 26. Rd7 {[%clk 0:38:11]} Re8 {[%clk 0:09:19]} 27. Rxd5
{[%clk 0:36:48]} Nf6 {[%clk 0:07:45]} 28. Ra5 {[%clk 0:36:34]} Be7
{[%clk 0:06:45]} 29. Bd4 {[%clk 0:35:46]} g6 {[%clk 0:05:18]} 30. Rb1
{[%clk 0:34:41]} Ne4 {[%clk 0:03:46]} 31. f3 Nc3 {[%clk 0:03:52]} 32. Rb2
{[%clk 0:32:07]} Bg5 {[%clk 0:03:06]} 33. f4 {[%clk 0:31:50]} Bf6
{[%clk 0:02:45]} 34. Ne5 {[%clk 0:30:41]} Bxe5 {[%clk 0:02:11]} 35. Rxe5
{[%clk 0:30:09]} Ra8 {[%clk 0:01:35]} 36. h3 {[%clk 0:29:22]} Ne4
{[%clk 0:01:10]} 37. Kh2 {[%clk 0:28:33]} Nf6 {[%clk 0:00:55]} 38. Re7
{[%clk 0:27:13]} Rf8 {[%clk 0:01:06]} 39. Kg3 {[%clk 0:26:55]} Re6
{[%clk 0:01:12]} 40. Ra7 {[%clk 0:56:27]} Ne4+ {[%clk 0:31:25]} 41. Kf3
{[%clk 0:56:33]} Nf6 {[%clk 0:30:24]} 42. g4 {[%clk 0:56:30]} fxg4+
{[%clk 0:28:53]} 43. hxg4 {[%clk 0:56:33]} h5 {[%clk 0:23:49]} 44. gxh5
{[%clk 0:55:24]} Nxh5 {[%clk 0:23:42]} 45. Rg2 {[%clk 0:54:26]} Ng7
{[%clk 0:21:55]} 46. Ra5 {[%clk 0:53:28]} Kh7 {[%clk 0:21:53]} 47. Rh2+
{[%clk 0:53:07]} Kg8 {[%clk 0:21:43]} 48. Rg5 {[%clk 0:52:40]} Rd8
{[%clk 0:17:42]} 49. Rhg2 {[%clk 0:50:48]} Kh7 {[%clk 0:17:28]} 50. R5g3
{[%clk 0:49:31]} Rd5 {[%clk 0:13:56]} 51. Rb2 {[%clk 0:48:56]} Kg8
{[%clk 0:13:16]} 52. Rh3 {[%clk 0:48:21]} Re8 {[%clk 0:11:28]} 53. Rh1
{[%clk 0:45:07]} Nh5 {[%clk 0:09:33]} 54. Rb7 {[%clk 0:43:19]} Ng7
{[%clk 0:09:30]} 55. Kg4 {[%clk 0:40:47]} Nh5 {[%clk 0:08:28]} 56. Be5
{[%clk 0:40:36]} Ng7 {[%clk 0:07:48]} 57. Rc1 {[%clk 0:38:28]} Rd3
{[%clk 0:07:18]} 58. Rcc7 {[%clk 0:36:36]} Nf5 {[%clk 0:05:11]} 59. Rxf7
{[%clk 0:35:14]} Nh6+ {[%clk 0:05:09]} 60. Kg5 {[%clk 0:34:59]} Nxf7+
{[%clk 0:05:30]} 61. Kxg6 {[%clk 0:35:17]} Nxe5+ {[%clk 0:05:26]} 62. fxe5
{[%clk 0:35:43]} Re6+ {[%clk 0:05:18]} 63. Kf5 {[%clk 0:36:00]} Rh6
{[%clk 0:04:55]} 64. Rb8+ {[%clk 0:34:38]} Kf7 {[%clk 0:05:13]} 65. Rb7+
{[%clk 0:34:42]} Ke8 {[%clk 0:05:27]} 66. Rb8+ {[%clk 0:34:35]} Ke7
{[%clk 0:05:04]} 67. Kg5 {[%clk 0:34:19]} Re6 {[%clk 0:04:49]} 68. Kf5
{[%clk 0:34:45]} Rd5 {[%clk 0:04:17]} 69. Rb7+ {[%clk 0:35:06]} Rd7
{[%clk 0:04:41]} 70. Rb8 {[%clk 0:35:30]} Rh6 {[%clk 0:04:40]} 71. Rg8
{[%clk 0:35:18]} Rh5+ {[%clk 0:04:41]} 72. Ke4 {[%clk 0:35:43]} Kf7
{[%clk 0:04:28]} 73. Rg4 {[%clk 0:36:08]} Rh6 {[%clk 0:04:35]} 74. Kf5
{[%clk 0:35:43]} Rd3 {[%clk 0:04:19]} 75. Ra4 {[%clk 0:35:47]} Rh5+
{[%clk 0:03:29]} 76. Kg4 {[%clk 0:36:10]} Rxe5 {[%clk 0:03:48]} 0-1

[Event "d16"]
[Site "?"]
[Date "2014.03.30"]
[Round "9.4"]
[White "Konopacka, Martyna"]
[Black "Dwilewicz, Katarzyna"]
[Result "1-0"]
[LiveChessVersion "1.4.2"]
[BlackElo "1688"]
[WhiteElo "1702"]

1. e4 {[%clk 1:30:59]} c5 {[%clk 1:30:54]} 2. Nc3 {[%clk 1:31:24]} Nc6
{[%clk 1:31:06]} 3. g3 {[%clk 1:31:51]} g6 {[%clk 1:30:52]} 4. Bg2
{[%clk 1:32:17]} Bg7 {[%clk 1:31:05]} 5. d3 {[%clk 1:32:43]} d6 {[%clk 1:31:02]}
6. Be3 {[%clk 1:32:40]} e5 {[%clk 1:30:54]} 7. Nge2 {[%clk 1:31:26]} Nd4
{[%clk 1:30:19]} 8. O-O {[%clk 1:29:40]} Ne7 {[%clk 1:29:55]} 9. Qd2
{[%clk 1:28:15]} f5 {[%clk 1:19:43]} 10. exf5 {[%clk 1:21:34]} Nexf5
{[%clk 1:16:20]} 11. Bg5 {[%clk 1:21:29]} Nxe2+ {[%clk 1:14:18]} 12. Nxe2
{[%clk 1:21:42]} Bf6 {[%clk 1:13:23]} 13. Bxf6 {[%clk 1:21:09]} Qxf6
{[%clk 1:13:46]} 14. f4 {[%clk 1:18:53]} O-O {[%clk 1:08:27]} 15. Rae1
{[%clk 1:12:46]} Be6 {[%clk 0:36:43]} 16. c3 {[%clk 1:10:13]} Qg7
{[%clk 0:33:36]} 17. fxe5 {[%clk 1:02:06]} dxe5 {[%clk 0:33:53]} 18. Nc1
{[%clk 1:01:32]} Rfe8 {[%clk 0:28:58]} 19. Qe2 {[%clk 0:59:13]} Bc8
{[%clk 0:19:39]} 20. Bd5+ {[%clk 0:52:07]} Kh8 {[%clk 0:17:59]} 21. Nb3
{[%clk 0:50:27]} c4 {[%clk 0:12:40]} 22. Bxc4 {[%clk 0:47:04]} Nd6
{[%clk 0:12:00]} 23. Bd5 {[%clk 0:45:48]} Bh3 {[%clk 0:11:49]} 24. Bg2
{[%clk 0:43:29]} Bf5 {[%clk 0:11:58]} 25. Nc5 {[%clk 0:39:34]} Rad8
{[%clk 0:10:50]} 26. g4 {[%clk 0:36:19]} Bc8 {[%clk 0:10:40]} 27. Rf2
{[%clk 0:33:04]} b6 {[%clk 0:10:02]} 28. Ne4 {[%clk 0:32:26]} Nxe4
{[%clk 0:09:04]} 29. Bxe4 {[%clk 0:32:30]} Qd7 {[%clk 0:09:19]} 30. h3
{[%clk 0:31:34]} Ba6 {[%clk 0:09:08]} 31. Qf3 {[%clk 0:20:35]} Qd6
{[%clk 0:05:16]} 32. c4 {[%clk 0:18:31]} Rf8 {[%clk 0:05:12]} 33. Qe3
{[%clk 0:15:36]} Rxf2 {[%clk 0:04:11]} 34. Qxf2 {[%clk 0:14:38]} b5
{[%clk 0:03:30]} 35. b3 {[%clk 0:13:04]} bxc4 {[%clk 0:03:37]} 36. bxc4
{[%clk 0:13:09]} Rd7 {[%clk 0:02:28]} 37. Bd5 {[%clk 0:12:27]} Kg7
{[%clk 0:02:33]} 38. Qe3 {[%clk 0:10:03]} Re7 {[%clk 0:02:50]} 39. Kg2
{[%clk 0:04:41]} Qa3 {[%clk 0:02:32]} 40. Re2 {[%clk 0:34:01]} h6
{[%clk 0:32:02]} 41. Qg3 {[%clk 0:23:46]} g5 {[%clk 0:24:48]} 42. Qf3
{[%clk 0:19:09]} Qc1 {[%clk 0:23:44]} 43. Qf1 {[%clk 0:12:52]} Qxf1+
{[%clk 0:21:51]} 44. Kxf1 {[%clk 0:13:17]} Bc8 {[%clk 0:22:12]} 45. Kg2
{[%clk 0:11:24]} Kf6 {[%clk 0:21:35]} 46. Rf2+ {[%clk 0:09:58]} Kg7
{[%clk 0:22:02]} 47. Kg3 {[%clk 0:08:22]} Rd7 {[%clk 0:19:08]} 48. Kf3
{[%clk 0:06:45]} Re7 {[%clk 0:17:31]} 49. Rb2 {[%clk 0:04:13]} Kf6
{[%clk 0:16:53]} 50. Rb8 {[%clk 0:03:42]} Rc7 {[%clk 0:17:04]} 51. Ke4
{[%clk 0:03:09]} h5 {[%clk 0:17:06]} 52. gxh5 {[%clk 0:02:38]} Bf5+
{[%clk 0:16:46]} 53. Ke3 {[%clk 0:02:42]} Bxh3 {[%clk 0:17:01]} 54. Rf8+
{[%clk 0:02:52]} Kg7 {[%clk 0:16:09]} 55. Rg8+ {[%clk 0:03:16]} Kh6
{[%clk 0:16:20]} 56. Bf3 {[%clk 0:02:41]} Bf5 {[%clk 0:13:00]} 57. Be2
{[%clk 0:00:39]} Rb7 {[%clk 0:11:40]} 58. Rf8 {[%clk 0:00:49]} Bh7
{[%clk 0:05:52]} 59. Rf6+ {[%clk 0:01:16]} Kg7 {[%clk 0:06:16]} 60. Re6
{[%clk 0:01:36]} Rb2 {[%clk 0:06:25]} 61. Re7+ {[%clk 0:01:35]} Kh6
{[%clk 0:06:44]} 62. Rxa7 {[%clk 0:01:48]} e4 {[%clk 0:06:44]} 63. Ra6+
{[%clk 0:01:21]} Kg7 {[%clk 0:07:12]} 64. dxe4 {[%clk 0:00:45]} Bxe4
{[%clk 0:07:31]} 65. Kxe4 {[%clk 0:01:03]} Rxe2+ {[%clk 0:07:58]} 66. Kf5
{[%clk 0:01:14]} Rc2 {[%clk 0:08:22]} 67. Kxg5 {[%clk 0:01:16]} Rxc4
{[%clk 0:08:46]} 68. Ra7+ {[%clk 0:01:40]} Kg8 {[%clk 0:09:09]} 69. Re7
{[%clk 0:00:47]} Ra4 {[%clk 0:09:04]} 70. Re2 {[%clk 0:00:50]} Ra5+
{[%clk 0:09:18]} 71. Kf6 {[%clk 0:00:33]} Rxh5 {[%clk 0:09:33]} 72. Kg6
{[%clk 0:00:54]} 1-0

[Event "d16"]
[Site "?"]
[Date "2014.03.30"]
[Round "9.5"]
[White "Kiolbasa, Oliwia"]
[Black "Kaniewska, Emilia"]
[Result "1-0"]
[LiveChessVersion "1.4.2"]
[BlackElo "1722"]
[WhiteElo "2036"]

1. e4 {[%clk 1:30:57]} c5 {[%clk 1:30:52]} 2. Nf3 {[%clk 1:31:17]} d6
{[%clk 1:31:10]} 3. d4 {[%clk 1:31:39]} Nf6 {[%clk 1:31:21]} 4. Nc3
{[%clk 1:32:01]} cxd4 {[%clk 1:31:22]} 5. Nxd4 {[%clk 1:32:13]} a6
{[%clk 1:31:32]} 6. Be2 {[%clk 1:32:11]} e5 {[%clk 1:31:39]} 7. Nb3
{[%clk 1:32:28]} Be7 {[%clk 1:31:50]} 8. Be3 {[%clk 1:32:49]} O-O
{[%clk 1:31:32]} 9. g4 {[%clk 1:32:49]} Be6 {[%clk 1:30:10]} 10. g5
{[%clk 1:32:47]} Nfd7 {[%clk 1:29:38]} 11. Qd2 {[%clk 1:30:49]} Nc6
{[%clk 1:28:50]} 12. h4 {[%clk 1:20:02]} Nb6 {[%clk 1:25:24]} 13. O-O-O
{[%clk 0:56:08]} Nc4 {[%clk 1:23:47]} 14. Bxc4 {[%clk 0:53:53]} Bxc4
{[%clk 1:24:11]} 15. Nd5 {[%clk 0:43:16]} Bxd5 {[%clk 1:23:13]} 16. exd5
{[%clk 0:41:44]} Nb8 {[%clk 1:22:34]} 17. f4 {[%clk 0:38:57]} exf4
{[%clk 1:21:23]} 18. Bxf4 {[%clk 0:39:05]} Nd7 {[%clk 1:21:36]} 19. Nd4
{[%clk 0:38:47]} Nc5 {[%clk 1:12:38]} 20. Nf5 {[%clk 0:25:22]} Re8
{[%clk 1:11:26]} 21. Qd4 {[%clk 0:22:02]} f6 {[%clk 1:05:33]} 22. Rhg1
{[%clk 0:18:47]} Kh8 {[%clk 1:02:04]} 23. Nxg7 {[%clk 0:15:37]} Rg8
{[%clk 0:58:44]} 24. Nh5 {[%clk 0:13:14]} Nd7 {[%clk 0:58:38]} 25. gxf6
{[%clk 0:12:12]} Bxf6 {[%clk 0:58:16]} 26. Nxf6 {[%clk 0:12:08]} Qxf6
{[%clk 0:58:03]} 27. Qxf6+ {[%clk 0:11:30]} Nxf6 {[%clk 0:58:27]} 28. Bxd6
{[%clk 0:11:43]} Rxg1 {[%clk 0:58:25]} 29. Rxg1 {[%clk 0:12:06]} Rg8
{[%clk 0:58:41]} 30. Rf1 {[%clk 0:09:51]} Kg7 {[%clk 0:58:39]} 31. Be5
{[%clk 0:10:13]} Rf8 {[%clk 0:59:03]} 32. Bxf6+ {[%clk 0:10:40]} Rxf6
{[%clk 0:59:29]} 33. Rxf6 {[%clk 0:11:06]} Kxf6 {[%clk 0:59:54]} 34. c4
{[%clk 0:11:23]} Ke5 {[%clk 0:59:51]} 35. Kd2 {[%clk 0:11:44]} a5
{[%clk 1:00:12]} 36. b3 {[%clk 0:11:56]} b6 {[%clk 1:00:35]} 37. Kd3
{[%clk 0:12:20]} h6 {[%clk 1:00:56]} 38. a3 {[%clk 0:12:32]} h5 {[%clk 1:01:18]}
39. b4 {[%clk 0:12:52]} a4 {[%clk 1:01:36]} 40. Ke3 {[%clk 0:43:09]} Kd6
{[%clk 1:31:42]} 41. Kd4 {[%clk 0:43:36]} Kd7 {[%clk 1:31:57]} 42. c5
{[%clk 0:44:04]} 1-0

[Event "d16"]
[Site "?"]
[Date "2014.03.30"]
[Round "9.6"]
[White "Sobczak, Marta"]
[Black "Wilk, Oktawia"]
[Result "0-1"]
[LiveChessVersion "1.4.2"]
[BlackElo "1620"]
[WhiteElo "1555"]

1. d4 {[%clk 1:30:58]} d5 {[%clk 1:30:54]} 2. c4 {[%clk 1:31:14]} e6
{[%clk 1:31:19]} 3. cxd5 {[%clk 1:31:39]} exd5 {[%clk 1:31:44]} 4. Nc3
{[%clk 1:32:03]} Be7 {[%clk 1:31:28]} 5. Bf4 {[%clk 1:31:29]} Nf6
{[%clk 1:31:38]} 6. e3 {[%clk 1:31:04]} O-O {[%clk 1:32:00]} 7. Bd3
{[%clk 1:31:20]} Re8 {[%clk 1:32:25]} 8. Nge2 {[%clk 1:31:40]} c6
{[%clk 1:32:37]} 9. O-O {[%clk 1:30:28]} Nbd7 {[%clk 1:30:26]} 10. Rc1
{[%clk 1:28:45]} Nf8 {[%clk 1:30:36]} 11. Qc2 {[%clk 1:13:15]} Ne6
{[%clk 1:30:42]} 12. Bg3 {[%clk 1:12:48]} g6 {[%clk 1:30:53]} 13. Nf4
{[%clk 1:06:01]} Ng7 {[%clk 1:30:56]} 14. Rfe1 {[%clk 0:55:43]} Bf5
{[%clk 1:31:11]} 15. a3 {[%clk 0:55:47]} Rc8 {[%clk 1:29:08]} 16. Bxf5
{[%clk 0:54:25]} Nxf5 {[%clk 1:29:30]} 17. Nd3 {[%clk 0:54:39]} Nxg3
{[%clk 1:29:45]} 18. hxg3 {[%clk 0:54:47]} Bd6 {[%clk 1:29:33]} 19. Qd1
{[%clk 0:53:29]} h5 {[%clk 1:26:12]} 20. Nf4 {[%clk 0:52:46]} Kg7
{[%clk 1:24:24]} 21. Rc2 {[%clk 0:33:10]} Qd7 {[%clk 1:22:52]} 22. Rd2
{[%clk 0:26:47]} Rh8 {[%clk 1:19:52]} 23. Nh3 {[%clk 0:19:09]} Rce8
{[%clk 1:19:52]} 24. Qf3 {[%clk 0:16:34]} h4 {[%clk 1:16:45]} 25. e4
{[%clk 0:11:04]} dxe4 {[%clk 1:13:08]} 26. Nxe4 {[%clk 0:11:28]} Nxe4
{[%clk 1:13:28]} 27. Rxe4 {[%clk 0:11:44]} Rxe4 {[%clk 0:58:26]} 28. Qxe4
{[%clk 0:12:10]} hxg3 {[%clk 0:58:48]} 29. fxg3 {[%clk 0:11:41]} Bxg3
{[%clk 0:58:52]} 30. Re2 {[%clk 0:11:14]} Rh4 {[%clk 0:57:15]} 31. Qc2
{[%clk 0:06:13]} Qxd4+ {[%clk 0:54:10]} 32. Nf2 {[%clk 0:03:30]} Rf4
{[%clk 0:46:59]} 33. Qc3 {[%clk 0:02:19]} Qxc3 {[%clk 0:46:51]} 34. bxc3
{[%clk 0:02:42]} Bxf2+ {[%clk 0:46:20]} 35. Rxf2 {[%clk 0:03:08]} Rxf2
{[%clk 0:46:38]} 36. Kxf2 {[%clk 0:03:34]} Kf6 {[%clk 0:47:03]} 37. Ke3
{[%clk 0:03:39]} Ke5 {[%clk 0:47:28]} 38. g3 {[%clk 0:03:26]} f5 {[%clk 0:47:08]}
39. Kd3 {[%clk 0:03:31]} g5 {[%clk 0:46:14]} 40. Ke3 {[%clk 0:33:30]} Kd5
{[%clk 1:15:34]} 41. Kd3 {[%clk 0:33:02]} b5 0-1

[Event "d16"]
[Site "?"]
[Date "2014.03.30"]
[Round "9.7"]
[White "Karleszko, Karolina"]
[Black "Dmochowska, Agnieszka"]
[Result "1-0"]
[LiveChessVersion "1.4.2"]
[BlackElo "1841"]
[WhiteElo "1629"]

1. d4 Nf6 2. c4 e6 3. Nf3 c5 4. Nc3 cxd4 5. Nxd4 d5 6. cxd5 exd5 7. g3 Nc6 8. Bg2
Bb4 9. O-O O-O 10. Bg5 h6 11. Nxd5 Nxd4 12. Bxf6 gxf6 13. Qxd4 Be7 14. Qh4 Kg7
15. Rad1 Be6 16. Nf4 Qb6 17. Nh5+ Kg6 18. Be4+ f5 19. Qg4+ Bg5 20. Nf4+ Kg7 21.
Bxf5 Bxf5 22. Qxf5 Bxf4 23. gxf4 Qxb2 24. Kh1 Rfd8 25. Rg1+ Kh8 26. Rb1 Qc3 27.
Rxb7 Qc6+ 28. e4 Rg8 29. Rgb1 Rac8 30. h3 Rcd8 31. Qe5+ f6 32. Qe7 1-0

[Event "d16"]
[Site "?"]
[Date "2014.03.30"]
[Round "9.8"]
[White "Sekowska, Helena"]
[Black "Sokolowska, Anna"]
[Result "1-0"]
[LiveChessVersion "1.4.2"]
[BlackElo "1465"]
[WhiteElo "1483"]

1. e4 {[%clk 1:30:57]} c5 2. c3 Nf6 {[%clk 1:31:06]} 3. e5 {[%clk 1:31:41]} Nd5
{[%clk 1:31:27]} 4. d4 {[%clk 1:32:00]} cxd4 {[%clk 1:31:15]} 5. Nf3
{[%clk 1:32:23]} e6 {[%clk 1:30:47]} 6. cxd4 {[%clk 1:32:38]} Nc6
{[%clk 1:30:54]} 7. Nc3 {[%clk 1:32:50]} Nxc3 {[%clk 1:24:51]} 8. bxc3
{[%clk 1:33:07]} d6 {[%clk 1:24:22]} 9. exd6 {[%clk 1:33:29]} Bxd6
{[%clk 1:24:23]} 10. Bd3 {[%clk 1:33:46]} h6 {[%clk 1:20:49]} 11. O-O
{[%clk 1:33:59]} O-O 12. Re1 Qc7 13. Bc2 Ne7 14. Qd3 f5 15. Bb3 Rf6
{[%clk 0:56:03]} 16. Bb2 {[%clk 1:18:31]} Nd5 {[%clk 0:44:16]} 17. g3
{[%clk 1:15:15]} f4 {[%clk 0:20:53]} 18. g4 {[%clk 1:07:06]} Qf7 {[%clk 0:15:56]}
19. Bc2 {[%clk 1:05:05]} g5 {[%clk 0:06:04]} 20. a3 {[%clk 1:02:58]} b5
{[%clk 0:02:11]} 21. Nd2 {[%clk 0:53:25]} Rb8 {[%clk 0:01:21]} 22. Ne4
{[%clk 0:52:34]} Bc7 {[%clk 0:01:10]} 23. Nxf6+ {[%clk 0:52:45]} Nxf6
{[%clk 0:01:07]} 24. f3 {[%clk 0:52:16]} Nd5 {[%clk 0:01:25]} 25. Bb3
{[%clk 0:46:23]} a6 {[%clk 0:01:31]} 26. Qe2 {[%clk 0:39:56]} Ne3
{[%clk 0:01:09]} 27. Bc1 {[%clk 0:39:52]} Nd5 {[%clk 0:00:49]} 28. Bd2
{[%clk 0:37:13]} Ba5 {[%clk 0:00:42]} 29. Qe5 {[%clk 0:28:48]} Bc7
{[%clk 0:00:19]} 30. Qe4 {[%clk 0:28:27]} Ba5 {[%clk 0:00:54]} 31. Bxd5
{[%clk 0:27:39]} exd5 {[%clk 0:01:14]} 32. Qe8+ {[%clk 0:27:25]} Qxe8
{[%clk 0:01:41]} 33. Rxe8+ {[%clk 0:27:47]} Kf7 {[%clk 0:02:07]} 34. Rae1
{[%clk 0:28:03]} Ra8 {[%clk 0:01:50]} 35. R1e7+ {[%clk 0:27:38]} Kf6
{[%clk 0:02:08]} 36. Rh7 {[%clk 0:26:23]} Kg6 {[%clk 0:02:01]} 37. Rhh8
{[%clk 0:26:43]} Bb7 {[%clk 0:01:51]} 38. Rxa8 {[%clk 0:27:07]} Bxa8
{[%clk 0:02:20]} 39. Rxa8 {[%clk 0:27:29]} 1-0